000 00698nam a2200241 i 4500
001 C2-0010094
003 PPAK
005 20190630221902.0
008 970128s1990 my a|||| ||||| | eng d
040 _aPPAK
_beng
_cPPAK
_erda
082 0 4 _a581.5262309595
_223
090 0 0 _a581.5262309595
_bJUN
_dR
100 1 _aJunckerstorff, Kurtheinz,
_eauthor
245 1 2 _aA tansquil journey
264 1 _aKuala Lumpur :
_bTropical Press ,
_c1990
300 _a171 pages :
_bcolour illustrations ;
_c29 cm
336 _2rdacontent
_atext
337 _2rdamedia
_aunmediated
338 _2rdacarrier
_avolume
650 1 0 _aRain forests - Malaysia - Pictorial works
700 _eauthor
942 _ddc
_cB
999 _c2589
_d2589